Rotterdam.
| Format: | Book |
|---|---|
| Published: |
[s.l]:
Scriptum,
2000.
|
| Subjects: |
| LEADER | 00368cam a2200133 7i4500 | ||
|---|---|---|---|
| 001 | 0000010074 | ||
| 005 | 20010906090000.0 | ||
| 090 | 0 | 0 | |a NETH 910.2029492385 |b ROT |
| 245 | 0 | 0 | |a Rotterdam. |
| 260 | 0 | 0 | |a [s.l]: |b Scriptum, |c 2000. |
| 300 | # | # | |a 79 p. |
| 650 | 0 | 0 | |a Voyages and travels -- |z Netherlands |
| 651 | 0 | 0 | |a Netherlands |
| 999 | |a 0000012295 |b Book |c Countries |e Business Information Centre | ||